MARC

Tag First Indicator Second Indicator Subfields
LEADER 00000cas a2200000 4500
001 in00000132721
005 20151001080221.0
008 800306d19581961msuuu p s0uuua0eng d
035 |a (OCoLC)06059033 
035 |9 AAP4575AM 
040 |a TXA  |c TXA  |d UtOrBLW 
043 |a n-us-ms 
049 |a TXAE [Also in] [Micro] [film] [S] [816] 
090 |a HT409  |b .M5 
110 2 |a Mississippi Agricultural Experiment Station. 
245 1 0 |a Preliminary report in sociology and rural life. 
264 1 |a State College, Miss.  |b [publisher not identified] ; 
300 |a 12 numbers :  |b illustrations ;  |c 28 cm. 
336 |a text  |b txt  |2 rdacontent 
337 |a unmediated  |b n  |2 rdamedia 
338 |a volume  |b nc  |2 rdacarrier 
362 0 |a no. 5-16; Aug. 1958-Feb. 1961. 
500 |a Title varies slightly. 
500 |a Each issue has also a distinctive title. 
500 |a Some issues on 35 mm. microfilm. 
650 0 |a Sociology, Rural. 
651 0 |a Mississippi  |x Rural conditions. 
780 0 0 |a Mississippi. Agricultural Experiment Station, State College.  |t Preliminary reports in community organization 
785 0 0 |a Mississippi. Agricultural Experiment Station, State College.  |t Progress report in sociology and rural life 
999 |a MARS 
999 f f |s 7088f43f-3ca5-3f3f-9d97-dc5a13ef32d8  |i ab672122-6c90-30a6-adda-81088e6fdb05  |t 0 
952 f f |p ric  |a Texas A&M University  |b Rellis Campus  |c Joint Library Facility  |d Remote Storage  |t 0  |e HT409 .M5  |h Library of Congress classification  |i unmediated -- volume  |k no.15  |l 1961:Feb.  |m A14842286420 
952 f f |p ric  |a Texas A&M University  |b Rellis Campus  |c Joint Library Facility  |d Remote Storage  |t 0  |e HT409 .M5  |h Library of Congress classification  |i unmediated -- volume  |k no.16  |l 1961:Feb.  |m A14842286503 
952 f f |p default  |a Texas A&M University  |b College Station  |c Sterling C. Evans Library  |d Evans: Microforms (3rd floor)  |t 0  |e film S 816  |h Other scheme  |i unmediated -- volume 
998 f f |a film S 816  |s no.5 (1958)-no.16 (1961)  |t 0  |l Evans: Microforms (3rd floor) 
998 f f |a HT409 .M5  |s no.15-16 (1961)  |t 0  |l Remote Storage